01173cam a22002657a 4500003000500000005001700005008004100022010001000063011001000073020001500083035001000098040000900108082001300117110007900130245013500209260010800344300003000452410006800482490007700550500008100627650002800708650002600736810006800762830007700830CHAP20220817043807.0010912s2001 mx ad r 00010 spa d a84604 a85576 a9707040173 a96110 cCHAP04a378bO732 aOrganización para la Cooperación y el Desarrollo Económicos. París10aCalidad e internacionalización en la educación superiorc/por Organización para la Cooperación y el Desarrollo Económico aMéxico, D.F. :bAsociación Nacional de Universidades e Instituciones de Educación Superior,c2001 a294 p. :bilus. ; cuadros21aOrganización para la Cooperación y el Desarollo Económico 0aColección Biblioteca de la Educación Superior. Serie investigaciones aTraducción de: Quality and internationalisation in higher education, 1999.04aCalidadxControl de la.04aEducación superior.00aOrganización para la Cooperación y el Desarollo Económico00aColección Biblioteca de la Educación Superior. Serie investigaciones